| 000 | 01387nam a22002057a 4500 | ||
|---|---|---|---|
| 008 | 240905s2023 |||||||| |||| 00| 0 eng d | ||
| 041 | _aeng | ||
| 110 |
_aConstruction Industry Council _92417 |
||
| 245 |
_aCIC Low value disputes model adjudication procedure _bCIC 2023: An adjudication procedure for low value disputes complying with the Housing Grants, Construction and Regeneration Act 1996 as amended by Part 8 of the Local Democracy, Economic Development and Construction Act 2009 (the “Construction Act”) |
||
| 246 | _aLVD MAP | ||
| 250 | _a2nd. | ||
| 260 |
_bConstruction Industry Council, _cMay 2023 |
||
| 300 | _a18p. | ||
| 520 | _aThe CIC LVD MAP sets out a streamlined adjudication procedure for Low Value Disputes, and, by linking the Adjudicator’s fee to the amount claimed, provides certainty as to how much the Adjudicator will be paid for making an Adjudicator’s Decision. By including an outline timetable for the procedural stages it provides a flexible yet simple to understand approach to the key elements of the adjudication process. | ||
| 520 | _aThe RICS is a member of the CIC | ||
| 650 | _aADJUDICATION | ||
| 650 | _aALTERNATIVE DISPUTE RESOLUTION | ||
| 710 |
_aConstruction Industry Council _92417 |
||
| 856 |
_uhttps://www.cic.org.uk/services/adjudication/cic-low-value-disputes-adjudication _zAvailable from CIC on completion of a form |
||
| 999 |
_c121992 _d121992 |
||